[Event "COL-ch Amateur U2000"]
[Site "Paipa"]
[Date "2020.03.01"]
[Round "8"]
[White "Moreno, Juan Nicolas"]
[Black "Molano Diaz, Oscar Fabian"]
[Result "0-1"]
[WhiteElo "1734"]
[BlackElo "1779"]
[PlyCount "58"]
[EventDate "2020.02.26"]
[EventType "swiss"]
[EventRounds "9"]
[EventCountry "COL"]
[SourceTitle "CBM 195 Extra"]
[Source "ChessBase"]
[SourceDate "2020.05.31"]
[SourceVersion "1"]
[SourceVersionDate "2020.05.31"]
[SourceQuality "1"]

1. f4 d5 2. d4 Nf6 3. e3 e6 4. Nf3 c5 5. c3 Nc6 6. Bd3 cxd4 7. exd4 a6 8. 0-0 b5 9. Nbd2 g6 10. Ne5 Qc7 11. Ndf3 Bg7 12. Bd2 0-0 13. Qe1 Nd7 14. Nxf7 Rxf7 15. Ng5 Nf8 16. Nxf7 Qxf7 17. Qg3 Ne7 18. Rae1 Nf5 19. Qf2 Bb7 20. g4 Nd6 21. a3 Re8 22. Qe3 Bc6 23. b3 Qd7 24. Qg3 Ne4 25. Bxe4 dxe4 26. Qe3 Bd5 27. Rb1 Rc8 28. h3 Qd6 29. c4 Bxc4 0-1

[Event "COL-ch Amateur U2000"]
[Site "Paipa"]
[Date "2020.02.28"]
[Round "4"]
[White "Rativa Jimenez, Laura Milena"]
[Black "Molano Diaz, Oscar Fabian"]
[Result "1-0"]
[WhiteElo "1708"]
[BlackElo "1779"]
[PlyCount "29"]
[EventDate "2020.02.26"]
[EventType "swiss"]
[EventRounds "9"]
[EventCountry "COL"]
[SourceTitle "CBM 195 Extra"]
[Source "ChessBase"]
[SourceDate "2020.05.31"]
[SourceVersion "1"]
[SourceVersionDate "2020.05.31"]
[SourceQuality "1"]

1. d4 Nf6 2. c4 c5 3. Nf3 b6 4. Nc3 g6 5. e4 cxd4 6. Nxd4 Bg7 7. Be3 d6 8. Be2 Bb7 9. f3 Nc6 10. 0-0 0-0 11. Qd2 Rc8 12. Rac1 Ne5 13. b3 e6 14. Ndb5 Ra8 15. Qxd6 1-0

[Event "COL-ch"]
[Site "Bogota"]
[Date "2018.11.12"]
[Round "9"]
[White "Campos Perilla, Sergio Felipe"]
[Black "Molano Diaz, Oscar Fabian"]
[Result "0-1"]
[WhiteElo "1265"]
[BlackElo "1682"]
[PlyCount "52"]
[EventDate "2018.11.06"]
[EventType "swiss"]
[EventRounds "9"]
[EventCountry "COL"]
[SourceTitle "CBM 187 Extra"]
[Source "ChessBase"]
[SourceDate "2018.11.04"]
[SourceVersion "1"]
[SourceVersionDate "2018.11.04"]
[SourceQuality "1"]

1. e4 c5 2. Nf3 e6 3. Nc3 a6 4. d4 cxd4 5. Nxd4 Qc7 6. Be3 Bb4 7. Bd2 Nf6 8. f3 0-0 9. Bd3 Bc5 10. Nb3 Ba7 11. Qe2 Nc6 12. Be3 Bxe3 13. Qxe3 d5 14. 0-0-0 d4 15. Nxd4 Qb6 16. Nf5 Qxe3+ 17. Nxe3 b5 18. Kb1 Bb7 19. g4 Nd4 20. Be2 Rfd8 21. h4 b4 22. Rd3 bxc3 23. Rhd1 Nc6 24. bxc3 Rxd3 25. Rxd3 Rd8 26. Rxd8+ Nxd8 0-1

[Event "COL-ch"]
[Site "Bogota"]
[Date "2018.11.11"]
[Round "8"]
[White "Molano Diaz, Oscar Fabian"]
[Black "Aldana, Omar"]
[Result "0-1"]
[WhiteElo "1682"]
[BlackElo "1802"]
[PlyCount "56"]
[EventDate "2018.11.06"]
[EventType "swiss"]
[EventRounds "9"]
[EventCountry "COL"]
[SourceTitle "CBM 187 Extra"]
[Source "ChessBase"]
[SourceDate "2018.11.04"]
[SourceVersion "1"]
[SourceVersionDate "2018.11.04"]
[SourceQuality "1"]

1. e4 c5 2. Nf3 Nc6 3. d4 cxd4 4. Nxd4 e6 5. Be3 Nf6 6. Bd3 Be7 7. 0-0 Ne5 8. Be2 Nxe4 9. h3 Nc6 10. Nxc6 bxc6 11. c4 d5 12. cxd5 cxd5 13. Nc3 Nf6 14. a3 0-0 15. Rc1 Qa5 16. Kh1 Ba6 17. Bxa6 Qxa6 18. Qd4 Kh8 19. Nb1 Kg8 20. Nd2 Kh8 21. Nf3 Ne4 22. Rc7 Bf6 23. Ne5 Qd6 24. Rfc1 Bxe5 25. Qd1 Bxb2 26. R1c2 Qxa3 27. Bc1 Bxc1 28. Rxc1 Qd6 0-1

[Event "COL-ch"]
[Site "Bogota"]
[Date "2018.11.09"]
[Round "6"]
[White "Molano Diaz, Oscar Fabian"]
[Black "Buitrago, Juan Carlos"]
[Result "0-1"]
[WhiteElo "1682"]
[BlackElo "2020"]
[PlyCount "124"]
[EventDate "2018.11.06"]
[EventType "swiss"]
[EventRounds "9"]
[EventCountry "COL"]
[SourceTitle "CBM 187 Extra"]
[Source "ChessBase"]
[SourceDate "2018.11.04"]
[SourceVersion "1"]
[SourceVersionDate "2018.11.04"]
[SourceQuality "1"]

1. e4 e5 2. Nf3 Nc6 3. Bb5 a6 4. Ba4 Nf6 5. Qe2 b5 6. Bb3 Be7 7. 0-0 0-0 8. c3 d6 9. h3 Na5 10. Bc2 c5 11. Rd1 Qc7 12. d4 Nc6 13. Nbd2 cxd4 14. cxd4 exd4 15. Nf1 Nb4 16. Nxd4 Nxc2 17. Nxc2 Bb7 18. Ng3 d5 19. exd5 Nxd5 20. Ne3 Nxe3 21. Bxe3 Qc6 22. f3 Qe6 23. Bf2 Qxe2 24. Nxe2 Rfd8 25. Bb6 Rxd1+ 26. Rxd1 Bf6 27. b3 h6 28. Rd7 Bc8 29. Ra7 Rxa7 30. Bxa7 Kf8 31. Nd4 Ke7 32. Bc5+ Kd7 33. Kf2 g6 34. Ke3 Bb7 35. Kd3 h5 36. Ke3 Bd5 37. Kd3 Be5 38. Ke3 Bd6 39. Bb6 Ke7 40. Ne2 Be6 41. Nd4 Bd5 42. Ne2 f5 43. Nf4 Bf7 44. Ne2 Be5 45. Bd4 Bd6 46. Bb6 g5 47. Kd4 Ke6 48. Kd3 Bg6 49. Kc3 Kd5 50. b4 Be5+ 51. Bd4 Bd6 52. Bf6 g4 53. hxg4 fxg4 54. fxg4 hxg4 55. Bd4 Ke4 56. Bf2 Be5+ 57. Nd4 Bf7 58. a3 Bc4 59. a4 g3 60. Bg1 Bf1 61. axb5 axb5 62. Kd2 Bxd4 0-1

[Event "COL-ch"]
[Site "Bogota"]
[Date "2018.11.06"]
[Round "1"]
[White "Dominguez Rincon, Miller Duvan"]
[Black "Molano Diaz, Oscar Fabian"]
[Result "1-0"]
[WhiteElo "2051"]
[BlackElo "1682"]
[PlyCount "55"]
[EventDate "2018.11.06"]
[EventType "swiss"]
[EventRounds "9"]
[EventCountry "COL"]
[SourceTitle "CBM 187 Extra"]
[Source "ChessBase"]
[SourceDate "2018.11.04"]
[SourceVersion "1"]
[SourceVersionDate "2018.11.04"]
[SourceQuality "1"]

1. e4 c5 2. Nf3 e6 3. d4 cxd4 4. Nxd4 a6 5. Bd3 Qc7 6. 0-0 Nf6 7. Qe2 d6 8. c4 Nc6 9. Nxc6 bxc6 10. Nc3 Be7 11. b3 0-0 12. Bb2 Rd8 13. Rfd1 e5 14. Rac1 Be6 15. Nd5 Bxd5 16. cxd5 c5 17. b4 Nd7 18. a4 Qb7 19. b5 a5 20. Bc3 Rdc8 21. Bc2 Bd8 22. Rd3 Nf8 23. f4 Bb6 24. Kh1 f6 25. Rf1 Ng6 26. Qg4 Qe7 27. Rh3 Ra7 28. Qxc8+ 1-0

[Event "COL-ch Amateur U1700"]
[Site "Bogota"]
[Date "2018.02.16"]
[Round "3.12"]
[White "Diaz, Diego Alejandro"]
[Black "Molano Diaz, Oscar Fabian"]
[Result "0-1"]
[WhiteElo "1565"]
[BlackElo "1660"]
[PlyCount "76"]
[EventDate "2018.02.15"]
[EventType "swiss"]
[EventRounds "7"]
[EventCountry "COL"]
[SourceTitle "EXT 2024"]
[Source "ChessBase"]
[SourceDate "2023.10.10"]
[SourceVersion "1"]
[SourceVersionDate "2023.10.10"]
[SourceQuality "1"]

1. e4 d5 2. exd5 Nf6 3. d4 Nxd5 4. c4 Nf6 5. Nc3 Bf5 6. Nf3 e6 7. Bd3 Bxd3 8. Qxd3 Nc6 9. 0-0 Qd7 10. d5 0-0-0 11. Rd1 exd5 12. cxd5 Nb4 13. Qc4 Nbxd5 14. Nxd5 Nxd5 15. Bg5 f6 16. Rac1 c6 17. Be3 Nxe3 18. fxe3 Bd6 19. Nd4 Kb8 20. Qb3 Ka8 21. Rd3 c5 22. Ne6 Bxh2+ 23. Kxh2 Qxd3 24. Nc7+ Kb8 25. Qxd3 Rxd3 26. Rxc5 Rc8 27. Ne6 Rxc5 28. Nxc5 Rxe3 29. a4 Kc7 30. Kg1 f5 31. Kf2 f4 32. g3 g5 33. gxf4 gxf4 34. a5 Kc6 35. b4 b6 36. Na6 Kb7 37. b5 Rb3 38. axb6 axb6 0-1

[Event "COL-ch Amateur"]
[Site "Villavicencio"]
[Date "2015.02.19"]
[Round "3"]
[White "Molano Diaz, Oscar Fabian"]
[Black "Garcia, Engels Vladimir"]
[Result "1/2-1/2"]
[WhiteElo "1622"]
[BlackElo "1863"]
[PlyCount "52"]
[EventDate "2015.02.18"]
[EventType "swiss"]
[EventRounds "9"]
[EventCountry "COL"]
[SourceTitle "CBM 165 Extra"]
[Source "ChessBase"]
[SourceDate "2015.04.21"]
[SourceVersion "1"]
[SourceVersionDate "2015.04.21"]
[SourceQuality "1"]

1. e4 e5 2. Nf3 Nc6 3. Bb5 f5 4. d3 Nf6 5. 0-0 fxe4 6. dxe4 d6 7. Nc3 Bg4 8. Be3 Be7 9. Be2 0-0 10. Ng5 Qd7 11. Bxg4 Qxg4 12. Qxg4 Nxg4 13. Bd2 Bxg5 14. Bxg5 h6 15. Bd2 Nd4 16. f3 Nf6 17. Rac1 b5 18. Rfe1 a5 19. Ne2 Nxe2+ 20. Rxe2 b4 21. c4 c5 22. b3 Nd7 23. Be3 Ra6 24. Rd1 Rf6 25. Red2 Kf7 26. h4 Ke6 1/2-1/2

[Event "Duitama op 9th"]
[Site "Duitama"]
[Date "2013.01.06"]
[Round "6"]
[White "Molano Diaz, Oscar Fabian"]
[Black "Penas Burgos, Nestor"]
[Result "0-1"]
[WhiteElo "1621"]
[BlackElo "1756"]
[PlyCount "64"]
[EventDate "2013.01.03"]
[EventType "swiss"]
[EventRounds "7"]
[EventCountry "COL"]
[SourceTitle "CBM 152 Extra"]
[Source "ChessBase"]
[SourceDate "2013.02.25"]
[SourceVersion "1"]
[SourceVersionDate "2013.02.25"]
[SourceQuality "1"]

1. e4 e5 2. Nf3 Nc6 3. Nc3 Be7 4. Be2 Nf6 5. 0-0 d6 6. d4 0-0 7. d5 Nb8 8. h3 Nbd7 9. b4 c6 10. dxc6 bxc6 11. a3 Bb7 12. Bd3 Rc8 13. Bb2 d5 14. exd5 cxd5 15. Bf5 d4 16. Ne2 Bxf3 17. gxf3 a5 18. b5 g6 19. Bxd7 Qxd7 20. a4 Qxh3 21. Ng3 Nd5 22. Bc1 Rc3 23. Re1 f6 24. Bd2 Bb4 25. Re4 Rfc8 26. f4 Rxg3+ 27. fxg3 Qxg3+ 28. Kf1 Bxd2 29. Qxd2 Qf3+ 30. Kg1 Qxe4 31. Rc1 Nxf4 32. b6 Ne2+ 0-1